000 00473nam a2200133Ia 4500
001 998
008 241024s9999 xx 000 0 und d
082 _aRD/370.97293/R426o
100 _aRepública Dominicana.Secretaría de Estado de Educación y Cultura
245 0 _aOrientaciones Psicipedagógicas para el Mejoramiento de la Práctica Educativa, jornada de capacitación verano 98
260 _bEd. Alfa y Omega
_c1998
901 _a22/12/2010 11:57:16 a.m.
999 _c9010
_d9010